Fear and anxeity conquered / (Record no. 130655)

MARC details
000 -LEADER
fixed length control field 00702nam a22002297a 4500
005 - DATE AND TIME OF LATEST TRANSACTION
control field 20170124110114.0
010 ## - LIBRARY OF CONGRESS CONTROL NUMBER
LC control number B-181194
020 ## - INTERNATIONAL STANDARD BOOK NUMBER
Terms of availability 200.00
International Standard Book Number 8175680253
035 ## - SYSTEM CONTROL NUMBER
System control number B-181194
037 ## - SOURCE OF ACQUISITION
Source of stock number/acquisition Cen Lib/Ret
040 ## - CATALOGING SOURCE
Original cataloging agency DPL
Language of cataloging EN
082 ## - DEWEY DECIMAL CLASSIFICATION NUMBER
Classification number 615.53
Item number BAK
100 ## - MAIN ENTRY--PERSONAL NAME
Personal name Bakshi, Taranjit
9 (RLIN) 29765
245 ## - TITLE STATEMENT
Title Fear and anxeity conquered /
Statement of responsibility, etc by Taranjit Bakshi
260 ## - PUBLICATION, DISTRIBUTION, ETC. (IMPRINT)
Name of publisher, distributor, etc Dynamic publications
Place of publication, distribution, etc Delhi
Date of publication, distribution, etc 2003
270 ## - ADDRESS
City Delhi
Address 609/5A/1, Shastri gali Vishwas nagar
Postal code 110032
300 ## - PHYSICAL DESCRIPTION
Extent 130p.
Dimensions 22cm(Hb)
500 ## - GENERAL NOTE
General note Includes bibliographical references
650 ## - SUBJECT ADDED ENTRY--TOPICAL TERM
Topical term or geographic name as entry element Anxiety--Treatment
9 (RLIN) 29766
650 ## - SUBJECT ADDED ENTRY--TOPICAL TERM
Topical term or geographic name as entry element Anxiety--Testing
9 (RLIN) 29767
942 ## - ADDED ENTRY ELEMENTS (KOHA)
Source of classification or shelving scheme Dewey Decimal Classification
Koha item type English Books
Classification part 615.53
Call number suffix BAK
Holdings
Withdrawn status Lost status Damaged status Not for loan Home library Current library Date acquired Source of acquisition Cost, normal purchase price Total Checkouts Full call number Barcode Date last seen Date checked out Copy number Cost, replacement price Price effective from Koha item type
        Central Library Central Library 10/07/2015 Cen Lib/Ret 200.00 3 615.53 BAK B-181194 24/12/2020 16/12/2020 1 200.00 10/07/2015 English Books

© Delhi Public Library
Hit Counter
free hit counter